|
|
|
|
| LEADER |
00000nab a2200000 a 4500 |
| 001 |
vtls010074594 |
| 003 |
SK-MaSNL |
| 005 |
20260305035354.0 |
| 008 |
250507c2009 xo |r||||||||||00 b|slo |
| 015 |
|
|
|a SNBRB2010/03
|2 snkbucl
|
| 035 |
|
|
|a (uuid)973b02b8-a12f-43d9-bca7-7cd1af27e604
|
| 035 |
|
|
|a urn:nbn:sk:snk-ab15t9
|
| 035 |
|
|
|a (urnnbn)urn:nbn:sk:snk:ar-a03aah
|
| 038 |
|
|
|a SNKBUCL
|
| 040 |
|
|
|a SNKBUCL
|b slo
|c SNKBUCL
|e AACR2
|
| 041 |
0 |
|
|a slo
|b eng
|
| 044 |
|
|
|a xo
|c SK
|
| 080 |
|
|
|a 39:001.891:330.567.22
|2 2001
|
| 080 |
|
|
|a 330.567.22
|2 2001
|
| 100 |
1 |
|
|a Hudáková, Eva
|4 aut
|9 8901
|
| 245 |
1 |
0 |
|a Projekt identity a predmety spotreby
|b (teoretický náčrt vymedzenia problematiky)
|c Eva Hudáková
|
| 504 |
|
|
|a Bibliogr. odkazy
|
| 546 |
|
|
|a Res. angl.
|
| 650 |
0 |
7 |
|a individuálna spotreba
|2 snkbucl
|9 67657
|
| 650 |
0 |
7 |
|a spotrebný tovar
|2 snkbucl
|9 3633
|
| 650 |
0 |
7 |
|a etnologický výskum
|2 snkbucl
|9 222677
|
| 655 |
|
7 |
|a štúdie
|2 snkbucl
|9 57033
|
| 773 |
0 |
|
|t Slovenský národopis
|g Roč. 57, č. 3 (2009), s. 386-395
|x 1335-1303
|
| 850 |
|
|
|a Slovenská národná knižnica
|
| 852 |
|
|
|a Slovenská národná knižnica
|
| 954 |
|
|
|a odborná, vedecká literatúra pôvodná (slovenská)
|2 lita
|
| 958 |
|
|
|a article27
|
| 958 |
|
|
|a NB
|
| 958 |
|
|
|a OND
|
| 958 |
|
|
|a EUIPO
|
| 999 |
|
|
|c 3333548
|d 3335478
|